000 00659nam a2200217Ia 4500
003 GCL
008 140319s9999 xx 000 0 ara d
040 _aGCL /
_cGCL
082 0 4 _a690
_bم ا
100 1 _aمحمد احمد عبدالله
245 1 0 _aانشاء مبانى /
_cمحمد احمد عبدالله
260 _aالقاهرة :
_bالمؤلف ،
_c1994
300 _a386 ص ؛
_c34 سم
650 0 4 _aهندسة الانشاءات
650 0 4 _aالتصميم الانشائى
650 0 4 _aالبناء
650 0 4 _aالابواب
650 0 4 _aمواد البناء
650 0 4 _aالمبانى تقديرات
942 _2ddc
_cBK
999 _c37960
_d37960